[Event "Balears-chT"]
[Site "Mallorca"]
[Date "2022.02.26"]
[Round "6.2"]
[White "Cubas Pons, Juan Miguel"]
[Black "Sig Vargas, Marcos"]
[Result "1-0"]
[WhiteElo "2180"]
[BlackElo "2138"]
[PlyCount "44"]
[EventDate "2022.01.22"]
[EventType "team-tourn"]
[EventRounds "7"]
[EventCountry "ESP"]
[SourceTitle "EXT 2023"]
[Source "ChessBase"]
[SourceDate "2022.10.05"]
[SourceVersion "1"]
[SourceVersionDate "2022.10.05"]
[SourceQuality "1"]
[WhiteTeam "Cercle Artistic de Ciutadella"]
[BlackTeam "Puig den Valls"]
[WhiteTeamCountry "ESP"]
[BlackTeamCountry "ESP"]

1. e4 c5 2. Nf3 d6 3. d4 cxd4 4. Nxd4 Nf6 5. Nc3 a6 6. Be2 e6 7. g4 b5 8. g5 b4 9. gxf6 bxc3 10. fxg7 Bxg7 11. b3 Bb7 12. Rg1 Be5 13. Bg5 Bf6 14. Nxe6 fxe6 15. Bxf6 Qxf6 16. Qxd6 Nd7 17. Bh5+ Kd8 18. 0-0-0 Qe7 19. Qxe7+ Kxe7 20. Rg7+ Kf6 21. Rdxd7 Bc6 22. f4 e5 1-0

[Event "Wch Seniors 50 29th"]
[Site "Bucharest"]
[Date "2019.11.21"]
[Round "9"]
[White "Serafim Junior, Arnor"]
[Black "Cubas Pons, Juan Miguel"]
[Result "0-1"]
[WhiteElo "1826"]
[BlackElo "2203"]
[PlyCount "48"]
[EventDate "2019.11.12"]
[EventType "swiss"]
[EventRounds "11"]
[EventCountry "ROU"]
[SourceTitle "CBM 193 Extra"]
[Source "ChessBase"]
[SourceDate "2020.01.31"]
[SourceVersion "1"]
[SourceVersionDate "2020.01.31"]
[SourceQuality "1"]

1. Nf3 d5 2. g3 Nf6 3. Bg2 Bg4 4. d3 Nbd7 5. 0-0 e6 6. Nbd2 Be7 7. Qe1 0-0 8. e4 h6 9. exd5 exd5 10. Ne5 Nxe5 11. Qxe5 Bd6 12. Qc3 Re8 13. Nf3 Qd7 14. Bxh6 Bxf3 15. Bxf3 Qf5 16. Bf4 Bxf4 17. gxf4 Qxf4 18. d4 Ne4 19. Qe3 Qf5 20. Bg2 Re6 21. Qh3 Qf4 22. Bxe4 Qxe4 23. f3 Qxc2 24. Rf2 Rg6+ 0-1

[Event "Wch Seniors 50 29th"]
[Site "Bucharest"]
[Date "2019.11.20"]
[Round "8"]
[White "Cubas Pons, Juan Miguel"]
[Black "Martinez Lopez, Jaime"]
[Result "0-1"]
[WhiteElo "2203"]
[BlackElo "1985"]
[PlyCount "86"]
[EventDate "2019.11.12"]
[EventType "swiss"]
[EventRounds "11"]
[EventCountry "ROU"]
[SourceTitle "CBM 193 Extra"]
[Source "ChessBase"]
[SourceDate "2020.01.31"]
[SourceVersion "1"]
[SourceVersionDate "2020.01.31"]
[SourceQuality "1"]

1. Nf3 g6 2. c4 d6 3. Nc3 Bg7 4. d4 c5 5. e3 Nc6 6. Be2 Bg4 7. d5 Na5 8. Qc2 Nf6 9. h3 Bxf3 10. Bxf3 0-0 11. b3 a6 12. Bb2 Rb8 13. Be2 Qd7 14. a4 e6 15. dxe6 fxe6 16. 0-0 Qc7 17. Rfd1 Rbd8 18. Bf3 Qb6 19. Ra3 Rf7 20. Ne2 Ne8 21. Bxg7 Nxg7 22. Nf4 Qb4 23. Rda1 Rxf4 24. exf4 Nf5 25. Qe4 Nd4 26. h4 Naxb3 27. Rxb3 Qxb3 28. Rb1 Qxc4 29. Qxb7 Qxa4 30. Bg4 h5 31. Bd1 Qc6 32. Qe7 Qd7 33. Qg5 Rf8 34. Qxg6+ Qg7 35. Qxh5 Rxf4 36. Rb6 Rf5 37. Qe8+ Rf8 38. Qa4 Qe5 39. Qa5 Ne2+ 40. Kh1 Rxf2 41. Bxe2 Qxe2 42. Rb8+ Rf8 43. Rb3 Qd1+ 0-1

[Event "Wch Seniors 50 29th"]
[Site "Bucharest"]
[Date "2019.11.14"]
[Round "3"]
[White "Breitkopf, Ioan Francisc"]
[Black "Cubas Pons, Juan Miguel"]
[Result "0-1"]
[WhiteElo "2016"]
[BlackElo "2203"]
[PlyCount "78"]
[EventDate "2019.11.12"]
[EventType "swiss"]
[EventRounds "11"]
[EventCountry "ROU"]
[SourceTitle "CBM 193 Extra"]
[Source "ChessBase"]
[SourceDate "2020.01.31"]
[SourceVersion "1"]
[SourceVersionDate "2020.01.31"]
[SourceQuality "1"]

1. c4 e6 2. e3 d5 3. Nf3 Nf6 4. b3 Bd6 5. Nc3 0-0 6. Be2 c5 7. 0-0 d4 8. exd4 cxd4 9. Nb5 Nc6 10. Nxd6 Qxd6 11. d3 e5 12. Ne1 Bf5 13. Bf3 Rfe8 14. Bxc6 bxc6 15. f3 c5 16. Rf2 Nd7 17. Kh1 Nf8 18. g4 Bd7 19. a3 a5 20. Bd2 Bc6 21. Rb1 Qg6 22. h3 f5 23. Rg2 h5 24. gxh5 Qxh5 25. Kh2 f4 26. Qe2 Re6 27. Rg4 Rh6 28. Qg2 Qf7 29. Qe2 Bd7 30. Qxe5 Re8 31. Qxf4 Rf6 32. Qg5 Bxg4 33. hxg4 Nh7 34. Qxc5 Re2+ 35. Kg3 Rxd2 36. Qxa5 Re2 37. Qd8+ Nf8 38. Qxd4 Qc7+ 39. f4 Ne6 0-1

[Event "Fajr op 27th"]
[Site "Tehran"]
[Date "2019.02.06"]
[Round "2"]
[White "Cubas Pons, Juan Miguel"]
[Black "Firouzja, Alireza"]
[Result "0-1"]
[WhiteElo "2280"]
[BlackElo "2618"]
[PlyCount "62"]
[EventDate "2019.02.05"]
[EventType "swiss"]
[EventRounds "9"]
[EventCountry "IRI"]
[SourceTitle "CBM 188 Extra"]
[Source "ChessBase"]
[SourceDate "2019.02.26"]
[SourceVersion "1"]
[SourceVersionDate "2019.02.26"]
[SourceQuality "1"]

1. d4 Nf6 2. c4 e6 3. Nc3 Bb4 4. g3 0-0 5. Bg2 d5 6. a3 Be7 7. cxd5 exd5 8. Nh3 c6 9. 0-0 Re8 10. Nf4 h6 11. f3 c5 12. e3 cxd4 13. exd4 Nc6 14. Qd3 Bf8 15. Bd2 b6 16. Rfe1 Rxe1+ 17. Bxe1 a5 18. Bf2 Ba6 19. Qf5 g6 20. Qc2 Bg7 21. Ncxd5 Nxd5 22. Nxd5 Qxd5 23. f4 Nxd4 24. Bxd5 Nxc2 25. Rc1 Rc8 26. Bxb6 Bxb2 27. Rd1 Nxa3 28. Bxa5 Nc4 29. Bxc4 Bxc4 30. Rd8+ Rxd8 31. Bxd8 f5 0-1

[Event "Plzen op 10th"]
[Site "Plzen"]
[Date "2018.11.22"]
[Round "5"]
[White "Plischki, Sebastian"]
[Black "Cubas Pons, Juan Miguel"]
[Result "1-0"]
[WhiteElo "2419"]
[BlackElo "2270"]
[PlyCount "53"]
[EventDate "2018.11.18"]
[EventType "swiss"]
[EventRounds "9"]
[EventCountry "CZE"]
[SourceTitle "CBM 189 Extra"]
[Source "ChessBase"]
[SourceDate "2019.06.03"]
[SourceVersion "1"]
[SourceVersionDate "2019.06.03"]
[SourceQuality "1"]

1. d4 d5 2. c4 e6 3. Nc3 c6 4. Nf3 dxc4 5. e3 b5 6. a4 Bb4 7. Bd2 a5 8. axb5 Bxc3 9. Bxc3 cxb5 10. b3 Bb7 11. bxc4 b4 12. Bb2 Nf6 13. Bd3 0-0 14. 0-0 Nbd7 15. Nd2 Qc7 16. Bc2 e5 17. d5 Nc5 18. f4 Ncd7 19. fxe5 Nxe5 20. Rxf6 gxf6 21. Qh5 Ng6 22. Ne4 Ra6 23. Nxf6+ Rxf6 24. Bxf6 Qd6 25. Bd4 Rc8 26. Bd3 Ra8 27. Rf1 1-0

[Event "Plzen op 10th"]
[Site "Plzen"]
[Date "2018.11.18"]
[Round "1"]
[White "Cubas Pons, Juan Miguel"]
[Black "Burda, Otto"]
[Result "1-0"]
[WhiteElo "2270"]
[BlackElo "1842"]
[PlyCount "73"]
[EventDate "2018.11.18"]
[EventType "swiss"]
[EventRounds "9"]
[EventCountry "CZE"]
[SourceTitle "CBM 189 Extra"]
[Source "ChessBase"]
[SourceDate "2019.06.03"]
[SourceVersion "1"]
[SourceVersionDate "2019.06.03"]
[SourceQuality "1"]

1. d4 Nf6 2. c4 e6 3. Nc3 d5 4. Bg5 Be7 5. e3 0-0 6. Nf3 c6 7. Qc2 Nbd7 8. cxd5 exd5 9. Bd3 Re8 10. 0-0 a5 11. h3 h6 12. Bf4 Nf8 13. Ne5 Be6 14. Bh2 Bd6 15. f4 Qc7 16. Rac1 Rac8 17. Qf2 Qe7 18. Bg3 Nh5 19. Bh4 g5 20. Qf3 Ng7 21. Bf2 f5 22. Rc2 Bxe5 23. fxe5 Qf7 24. Na4 Qd7 25. Rfc1 Rc7 26. Be1 Ra8 27. Qf1 f4 28. exf4 Bf5 29. fxg5 Bxd3 30. Qxd3 hxg5 31. Rf2 Qe6 32. Qf3 b5 33. Nc3 b4 34. Nb5 Rcc8 35. Nd6 c5 36. Nxc8 Rxc8 37. Rxc5 1-0

[Event "Balears-chT"]
[Site "Santa Ponca"]
[Date "2018.04.29"]
[Round "3.2"]
[White "Calzetta Ruiz, Monica"]
[Black "Cubas Pons, Juan Miguel"]
[Result "1-0"]
[WhiteElo "2256"]
[BlackElo "2284"]
[PlyCount "93"]
[EventDate "2018.04.28"]
[EventType "team-tourn"]
[EventRounds "3"]
[EventCountry "ESP"]
[SourceTitle "EXT 2024"]
[Source "ChessBase"]
[SourceDate "2023.10.10"]
[SourceVersion "1"]
[SourceVersionDate "2023.10.10"]
[SourceQuality "1"]
[WhiteTeam "Agora Megaescacs"]
[BlackTeam "Cercle Artístic de Ciutadella"]
[WhiteTeamCountry "ESP"]
[BlackTeamCountry "ESP"]

1. e4 e5 2. Nf3 Nc6 3. Bb5 Nd4 4. Nxd4 exd4 5. Bc4 h5 6. d3 Bc5 7. Nd2 c6 8. 0-0 d5 9. exd5 cxd5 10. Bb5+ Kf8 11. Nb3 Bb6 12. Bd2 Qd6 13. Qe1 Ne7 14. Bb4 Qe6 15. Qd2 Qf6 16. Rae1 Be6 17. Nc5 Bxc5 18. Bxc5 Kg8 19. Bxe7 Qxe7 20. f4 Qc5 21. f5 Bxf5 22. Rxf5 Qxb5 23. Re7 Rf8 24. Qf2 Qxb2 25. h3 Qb1+ 26. Kh2 Qb4 27. Rd7 Rh6 28. Rfxf7 Rg6 29. Rxf8+ Qxf8 30. Qxd4 Kh7 31. Rxd5 Rh6 32. Rd8 Qf5 33. Rd7 Qg6 34. Rxb7 h4 35. Qe5 a6 36. a4 Qf6 37. Qxf6 Rxf6 38. Rb4 g5 39. d4 Rd6 40. c3 Rc6 41. c4 a5 42. Rb7+ Kg6 43. c5 Kf5 44. Rb6 Rc8 45. Rd6 Rb8 46. c6 g4 47. hxg4+ 1-0

[Event "Fajr op 26th"]
[Site "Amol"]
[Date "2018.02.06"]
[Round "5"]
[White "Mirzoev, Azer"]
[Black "Cubas Pons, Juan Miguel"]
[Result "1-0"]
[WhiteElo "2500"]
[BlackElo "2254"]
[PlyCount "79"]
[EventDate "2018.02.03"]
[EventType "swiss"]
[EventRounds "9"]
[EventCountry "IRI"]
[SourceTitle "CBM 182 Extra"]
[Source "ChessBase"]
[SourceDate "2018.02.23"]
[SourceVersion "1"]
[SourceVersionDate "2018.02.23"]
[SourceQuality "1"]

1. d4 d5 2. c4 e6 3. Nc3 c6 4. e3 Nf6 5. Nf3 Nbd7 6. b3 Bb4 7. Bd2 Qe7 8. Be2 0-0 9. 0-0 b6 10. Qc2 Bb7 11. Rad1 c5 12. cxd5 cxd4 13. Nxd4 Nxd5 14. Nxd5 Bxd5 15. Nc6 Bxc6 16. Bxb4 Qxb4 17. Qxc6 Nf6 18. Rd4 Qe7 19. Rc1 h6 20. g3 e5 21. Rdc4 Rad8 22. Bf3 Rd2 23. R1c2 Rfd8 24. Kg2 Rxc2 25. Rxc2 e4 26. Be2 Qe5 27. h3 Nd5 28. a3 Kh7 29. Qb7 f5 30. Qxa7 Rd6 31. Qa8 Rg6 32. Rc8 Nxe3+ 33. Kh2 Rd6 34. fxe3 Rd2 35. Rh8+ Kg6 36. Qc6+ Qf6 37. Qe8+ Qf7 38. Qb5 Qc7 39. h4 Rd7 40. Rf8 1-0

[Event "Benidorm op U2300 16th"]
[Site "Benidorm"]
[Date "2017.12.07"]
[Round "8"]
[White "Cubas Pons, Juan Miguel"]
[Black "Rodriguez Alvarez, Vidal Hely"]
[Result "0-1"]
[WhiteElo "2187"]
[BlackElo "2256"]
[PlyCount "122"]
[EventDate "2017.12.01"]
[EventType "swiss"]
[EventRounds "10"]
[EventCountry "ESP"]
[SourceTitle "EXT 2019"]
[Source "ChessBase"]
[SourceDate "2018.10.10"]
[SourceVersion "1"]
[SourceVersionDate "2018.10.10"]
[SourceQuality "1"]

1. d4 e6 2. c4 Nf6 3. Nc3 Bb4 4. g3 0-0 5. Bg2 d5 6. a3 Be7 7. cxd5 exd5 8. Nh3 c6 9. 0-0 a5 10. f3 c5 11. Nf4 Nc6 12. Be3 b6 13. Bf2 Ba6 14. dxc5 d4 15. Na4 bxc5 16. Qc2 Nd7 17. Bh3 Nce5 18. Bf5 g6 19. Be4 Rc8 20. Nd5 Nf6 21. Nxf6+ Bxf6 22. Nxc5 Rxc5 23. Qxc5 Bxe2 24. Kg2 d3 25. Be3 Qd7 26. Bh6 Rc8 27. Qxa5 Nc4 28. Qa6 Bxb2 29. Rfd1 d2 30. Rxd2 Nxd2 31. Qxe2 Bxa1 32. Qxd2 Qxd2+ 33. Bxd2 Bc3 34. Be3 Ba5 35. Bf4 Rc3 36. Bd6 Rb3 37. Be7 Rb2+ 38. Kh3 Bb6 39. Bd6 h5 40. g4 hxg4+ 41. fxg4 Rb3+ 42. Kg2 Kg7 43. h4 Bd8 44. h5 gxh5 45. gxh5 Re3 46. Bf3 Be7 47. Bxe7 Rxe7 48. a4 Re3 49. Kf2 Ra3 50. Bd1 Kh6 51. Ke1 Kg5 52. Kd2 f5 53. Kc1 Ra1+ 54. Kd2 f4 55. Bf3 Rxa4 56. Ke2 Ra2+ 57. Kf1 Kh4 58. h6 Kg3 59. h7 Rh2 60. Be4 f3 61. Kg1 Rh4 0-1

[Event "Balears-ch Seniors 50"]
[Site "Palma de Mallorca"]
[Date "2017.09.01"]
[Round "1"]
[White "Cubas Pons, Juan Miguel"]
[Black "Abrines Sampol, Lorenzo"]
[Result "1-0"]
[WhiteElo "2176"]
[BlackElo "1689"]
[PlyCount "41"]
[EventDate "2017.09.01"]
[EventType "swiss"]
[EventRounds "5"]
[EventCountry "ESP"]
[SourceTitle "CBM 180 Extra"]
[Source "ChessBase"]
[SourceDate "2017.10.06"]
[SourceVersion "1"]
[SourceVersionDate "2017.10.06"]
[SourceQuality "1"]

1. e4 c6 2. d4 d5 3. Nc3 dxe4 4. Nxe4 Nf6 5. Nxf6+ gxf6 6. Be3 Bf5 7. Nf3 e6 8. g3 Nd7 9. Bg2 Nb6 10. 0-0 Nc4 11. Bc1 h5 12. Qe2 Bxc2 13. Qxc2 Nd6 14. Re1 Be7 15. Nh4 Qd7 16. Bf4 0-0-0 17. d5 e5 18. dxc6 bxc6 19. Bxc6 Qc7 20. Rec1 Kb8 21. Be3 1-0

[Event "Graz op-A"]
[Site "Graz"]
[Date "2017.02.20"]
[Round "1"]
[White "Cubas Pons, Juan Miguel"]
[Black "Romanov, Evgeny"]
[Result "0-1"]
[WhiteElo "2190"]
[BlackElo "2644"]
[PlyCount "60"]
[EventDate "2017.02.20"]
[EventType "swiss"]
[EventRounds "9"]
[EventCountry "AUT"]
[SourceTitle "CBM 177 Extra"]
[Source "ChessBase"]
[SourceDate "2017.04.27"]
[SourceVersion "1"]
[SourceVersionDate "2017.04.27"]
[SourceQuality "1"]

1. d4 Nf6 2. c4 d6 3. Nc3 e5 4. Nf3 e4 5. Ng5 Qe7 6. Qc2 Nc6 7. Be3 Bf5 8. g3 h6 9. Bh3 Bg6 10. Qb3 Nd8 11. Ngxe4 Bxe4 12. 0-0 Bc6 13. d5 Bd7 14. Bg2 g6 15. Bd4 Bg7 16. e4 c5 17. dxc6 Nxc6 18. Bxf6 Qxf6 19. Qxb7 Rb8 20. Qc7 Rc8 21. Qb7 Qd8 22. Nb5 0-0 23. Rad1 Rb8 24. Qa6 Bxb2 25. Rxd6 Rb6 26. Qa4 a6 27. Qd1 Ne5 28. f4 axb5 29. fxe5 Rxd6 30. Qxd6 bxc4 0-1

[Event "Lisbon Christmas op"]
[Site "Lisbon"]
[Date "2014.12.28"]
[Round "5"]
[White "Camacho Collados, Marcos"]
[Black "Cubas Pons, Juan Miguel"]
[Result "1-0"]
[WhiteElo "2451"]
[BlackElo "2251"]
[PlyCount "133"]
[EventDate "2014.12.26"]
[EventType "swiss"]
[EventRounds "9"]
[EventCountry "POR"]
[SourceTitle "CBM 164 Extra"]
[Source "ChessBase"]
[SourceDate "2015.03.02"]
[SourceVersion "1"]
[SourceVersionDate "2015.03.02"]
[SourceQuality "1"]

1. Nf3 d5 2. e3 Nf6 3. b3 g6 4. Bb2 Bg7 5. c4 c6 6. d4 0-0 7. Nbd2 Nbd7 8. Be2 c5 9. 0-0 b6 10. Qc2 Bb7 11. Rfd1 Rc8 12. dxc5 Rxc5 13. Bd4 Rc7 14. Qb2 Qa8 15. Rac1 Rfc8 16. Bf1 Ne8 17. Bxg7 Nxg7 18. Nd4 a6 19. cxd5 Bxd5 20. Rxc7 Rxc7 21. Rc1 Rxc1 22. Qxc1 Ne6 23. Nxe6 Bxe6 24. h3 a5 25. Qc7 Qb8 26. Qc6 Ne5 27. Qc3 Qd6 28. Be2 f6 29. f4 Qc6 30. Qd4 Nd7 31. Bc4 b5 32. Bxe6+ Qxe6 33. Qc3 a4 34. bxa4 bxa4 35. a3 Nb6 36. e4 Kg7 37. Kf2 Qd6 38. e5 Qd5 39. exf6+ exf6 40. Qe3 Kf7 41. Nf3 Qa2+ 42. Kg1 Qb3 43. Qc5 Nd5 44. Kh2 Qb7 45. Qc4 Qb3 46. Qc5 Qb7 47. Qd6 Ne3 48. Qd4 Qb3 49. Qd7+ Kg8 50. Qe8+ Kg7 51. Qe7+ Kg8 52. Qxf6 Nf5 53. Qd8+ Kg7 54. Qc7+ Kg8 55. Qc5 h5 56. Qc8+ Kg7 57. Qd7+ Kh6 58. Qe8 Kg7 59. Ng5 Qg3+ 60. Kh1 Qb3 61. Qd7+ Kg8 62. Qe8+ Kg7 63. Qd7+ Kg8 64. Qh7+ Kf8 65. Qh8+ Ke7 66. Qh7+ Kf6 67. Ne4+ 1-0

[Event "Lisbon Christmas op"]
[Site "Lisbon"]
[Date "2014.12.27"]
[Round "2"]
[White "Mehringer, Joerg"]
[Black "Cubas Pons, Juan Miguel"]
[Result "0-1"]
[WhiteElo "1969"]
[BlackElo "2251"]
[PlyCount "96"]
[EventDate "2014.12.26"]
[EventType "swiss"]
[EventRounds "9"]
[EventCountry "POR"]
[SourceTitle "EXT 2018"]
[Source "ChessBase"]
[SourceDate "2017.10.13"]
[SourceVersion "1"]
[SourceVersionDate "2017.10.13"]
[SourceQuality "1"]

1. e4 e6 2. d4 d5 3. Nc3 Bb4 4. e5 c5 5. a3 Bxc3+ 6. bxc3 Qa5 7. Bd2 Qa4 8. Qg4 g6 9. Bd3 c4 10. Be2 Qxc2 11. Nf3 Nc6 12. 0-0 Bd7 13. Rfb1 0-0-0 14. Bd1 h5 15. Qf4 Qf5 16. Qe3 h4 17. h3 f6 18. Rb2 Qe4 19. Bc2 Qxe3 20. Bxe3 fxe5 21. dxe5 Nge7 22. Rab1 b6 23. Bg5 Rde8 24. Bf6 Rh5 25. a4 Nf5 26. Bd1 Rg8 27. Ng5 Rxg5 28. Bxg5 Nxe5 29. Bc2 Nf7 30. Bf6 g5 31. a5 b5 32. Bxf5 exf5 33. Re2 Rg6 34. Bd4 Ra6 35. Re7 Nd8 36. Rg7 Ne6 37. Rg8+ Kb7 38. Bf6 Rxa5 39. Bxg5 Nxg5 40. Rxg5 Ra3 41. Re1 d4 42. Re7 dxc3 43. Rxd7+ Kc6 44. Rd1 b4 45. Rxf5 c2 46. Re1 Rd3 47. Kh2 Rd1 48. Re6+ Kd7 0-1

[Event "Reykjavik op"]
[Site "Reykjavik"]
[Date "2013.02.20"]
[Round "3"]
[White "Johannsson, Orn Leo"]
[Black "Cubas Pons, Juan Miguel"]
[Result "1/2-1/2"]
[WhiteElo "1953"]
[BlackElo "2284"]
[PlyCount "117"]
[EventDate "2013.02.19"]
[EventType "swiss"]
[EventRounds "10"]
[EventCountry "ISL"]
[SourceTitle "CBM 153 Extra"]
[Source "ChessBase"]
[SourceDate "2013.04.22"]
[SourceVersion "1"]
[SourceVersionDate "2013.04.22"]
[SourceQuality "1"]

1. d4 e6 2. Nf3 f5 3. Bg5 Nf6 4. Nbd2 d5 5. e3 Bd6 6. Ne5 0-0 7. f4 c5 8. c3 b6 9. Be2 Ba6 10. 0-0 Bxe2 11. Qxe2 Qe8 12. Bxf6 gxf6 13. Nef3 Nc6 14. Rae1 c4 15. Kh1 Qh5 16. g3 b5 17. Nh4 Qxe2 18. Rxe2 b4 19. Rc1 bxc3 20. Rxc3 Na5 21. Nhf3 Rab8 22. b3 Bb4 23. Rc2 Bxd2 24. Nxd2 cxb3 25. axb3 Rf7 26. Kg2 Nxb3 27. Nxb3 Rxb3 28. Rc6 Rb6 29. Rec2 Rxc6 30. Rxc6 Re7 31. Kf3 Kf7 32. h3 Ke8 33. Ra6 Kd8 34. g4 fxg4+ 35. hxg4 Kc8 36. f5 Kb7 37. Rd6 a5 38. fxe6 a4 39. Rxd5 Rxe6 40. Rh5 Ra6 41. Rxh7+ Kc6 42. e4 a3 43. Rh1 Kb5 44. Kf4 Kc4 45. d5 a2 46. Ra1 Kb3 47. g5 fxg5+ 48. Kxg5 Kb2 49. Rh1 a1Q 50. Rxa1 Rxa1 51. d6 Kc3 52. e5 Rd1 53. Kf5 Kc4 54. e6 Rd5+ 55. Kf6 Rxd6 56. Kf7 Kd5 57. e7 Rd7 58. Kf8 Rxe7 59. Kxe7 1/2-1/2

[Event "Baleares-chT"]
[Site "Ibiza"]
[Date "2012.05.11"]
[Round "3.2"]
[White "Cacho Reigadas, Sergio"]
[Black "Cubas Pons, Juan Miguel"]
[Result "1-0"]
[WhiteElo "2523"]
[BlackElo "2324"]
[PlyCount "101"]
[EventDate "2012.05.10"]
[EventType "team-swiss"]
[EventRounds "5"]
[EventCountry "ESP"]
[SourceTitle "EXT 2014"]
[Source "ChessBase"]
[SourceDate "2013.11.20"]
[SourceVersion "1"]
[SourceVersionDate "2013.11.20"]
[SourceQuality "1"]

1. c4 e6 2. Nc3 b6 3. e4 Bb7 4. g3 c5 5. Bg2 Nf6 6. Nge2 d6 7. 0-0 Be7 8. h3 Nc6 9. d3 a6 10. Be3 Qc7 11. a3 0-0 12. Rb1 Rfd8 13. g4 Rac8 14. g5 Ne8 15. f4 Bf8 16. h4 Ne7 17. Qc2 d5 18. Bf2 dxc4 19. dxc4 Rd7 20. Be3 Rcd8 21. Rbe1 Qb8 22. Nc1 Nd6 23. b3 Qa8 24. h5 Nc6 25. Nd3 Nc8 26. Nf2 Nd4 27. Qb1 Nf5 28. Kh2 Nxe3 29. Rxe3 Bd6 30. Ng4 Qb8 31. Kg3 Be7 32. Ne5 Rd2 33. Nf3 R2d7 34. Bh3 Na7 35. g6 Nc6 36. gxf7+ Kxf7 37. e5 Rh8 38. Ne4 Nd4 39. Neg5+ Bxg5 40. Nxg5+ Ke7 41. f5 exf5 42. Bxf5 Qe8 43. Bg4 Kd8 44. e6 Kc7 45. Kh3 Re7 46. Qe1 Qc6 47. Qg3+ Kc8 48. Nf7 Rg8 49. Nd6+ Kb8 50. Nf5+ Rc7 51. Ne7 1-0

[Event "Baleares-ch"]
[Site "Can Picafort"]
[Date "2012.04.07"]
[Round "5"]
[White "Cubas Pons, Juan Miguel"]
[Black "Pons Vidal, Bartomeu"]
[Result "1-0"]
[WhiteElo "2348"]
[BlackElo "2034"]
[PlyCount "101"]
[EventDate "2012.04.05"]
[EventType "tourn"]
[EventRounds "7"]
[EventCountry "ESP"]
[SourceTitle "EXT 2014"]
[Source "ChessBase"]
[SourceDate "2013.11.20"]
[SourceVersion "1"]
[SourceVersionDate "2013.11.20"]
[SourceQuality "1"]

1. e4 c6 2. d4 d5 3. Nc3 dxe4 4. Nxe4 Bf5 5. Ng3 Bg6 6. N1e2 e6 7. Nf4 Bd6 8. Nxg6 hxg6 9. Ne4 Be7 10. g3 Nf6 11. Bg2 Nbd7 12. 0-0 Nxe4 13. Bxe4 Qc7 14. c4 Nf6 15. Bg2 0-0 16. Qe2 Rad8 17. Rd1 Rd7 18. b3 Rfd8 19. Bb2 c5 20. dxc5 Bxc5 21. Bf3 Bd4 22. Bxd4 Rxd4 23. Rxd4 Rxd4 24. Re1 b6 25. Qe5 Qxe5 26. Rxe5 Nd7 27. Re1 Kf8 28. Kf1 Ke7 29. Rd1 Rxd1+ 30. Bxd1 Kd6 31. Ke2 Kc5 32. Kd3 Kb4 33. f4 a5 34. Bf3 a4 35. bxa4 Kc5 36. Kc3 e5 37. Bd5 exf4 38. gxf4 f6 39. Kd3 Kd6 40. Kc3 Kc5 41. Bf7 g5 42. Be8 Nb8 43. fxg5 fxg5 44. Bb5 g4 45. Kd3 Nc6 46. Bxc6 Kxc6 47. Kd4 Kd6 48. a5 bxa5 49. c5+ Kc6 50. a4 g6 51. Kc4 1-0